000 00807nam a2200217 a 4500
001 000028135
005 20240226131943.0
008 110406s1974 dr 000 0 spa d
040 _aDO-SdBNP
_bspa
_cBNPHU
082 _axxx
_bI61t
245 0 1 _aIntroducción teórica para un proyecto de programa metodológico para una UASD crítica /
_cHugo Tolentino ... [et al.].
260 _aSanto Domingo :
_bImpresos UASD,
_c1974.
300 _a14 p. ;
_c24 cm.
490 1 _aConferencias, no. 26
_aPublicaciones de la UASD
_v179
700 1 _aBatista del Villar, Guarocuya
_920408
700 1 _aKasse Acta, Rafael
_925885
700 1 _aAvelino, Andrés,
_d1900-1974
_931875
700 1 _aGutiérrez Féliz, Euclide
_955137
830 0 _aConferencias, no. 26
_pPublicaciones de la UASD
_v179
_955138
049 _aBNPD
999 _c27627
_d27627